Cities over 1,000,000 that can be typed with one hand - Statistics

General Stats
  • This quiz has been taken 16 times
  • The average score is 7 of 14
Answer Stats
Answer % Correct
Accra
86%
Caracas
79%
Gaza
79%
Rabat
71%
Warsaw
71%
Lyon
64%
Basra
57%
Aba
50%
Agra
36%
Fes
36%
Jilin
21%
Linyi
21%
Yibin
7%
Yulin
0%
No matching quizzes found
Score Distribution
Percent of People with Each Score
Percentile by Number Answered
Your Score History
You have not taken this quiz